01158nam a2200241 a 450000100100000000500170001000800410002704000250006808200170009310000250011024501140013526001080024930000200035750400700037765000560044765000540050365000530055765000820061065100540069291000380074695201150078499900170089900002915520250621074008.0110413s2001 dr r 000 0 spa d aDO-SdBNPbspacBNPHU a352.34bO96u1 aOviedo, José9267110a¿Un Estado del siglo xix para el siglo xxi? :bla gestión pública y el reto dominicano /cJosé Oviedo. aSanto Domingo :bParticipación Ciudadana, Programa de Transparencia de la Gestión Pública,c2001. a44 p. ;c21 cm. aIncluye referencias bibliográficas y notas al pie de páginas. 4aPolítica públicazRepública Dominicana956065 4aProgramas socialeszRepública Dominicana956066 4aPolítica socialzRepública Dominicana911024 4aAdministración públicaxToma de decisioneszRepública Dominicana956067 0aRepública DominicanaxPolítica y gobierno945 aValidado. Control de calidad. EMS 0010718PDaPDbPDcHDd2011-04-13iLF1l0o352.34 O96up29155-10r2020-06-25w2020-06-25yLFPDZNo se presta c28647d28647